Missing Word: Movies Featuring Sharks Quiz Stats

 Plays Quiz Updated Jun 23, 2018

Score 0/18 Timer 04:00
1 Play Today
Title Missing Word % Correct
___ Blue SeaDeep
96.9%
___ TaleShark
92.1%
____ NemoFinding
89.1%
Open ___Water
78.1%
The ___ Aquatic with Steve ZissouLife
69.2%
47 Meters ___Down
68.9%
Spring ____ Shark AttackBreak
61.8%
12 ___ of TerrorDays
50.8%
Jaws: The ___Revenge
47.2%
Title Missing Word % Correct
2-Headed Shark ___Attack
46.6%
Mako: The Jaws of ___Death
44.3%
Ghost Shark 2: Urban ___Jaws
43.4%
Mega Shark vs. ___ OctopusGiant
37.9%
___: The 4th AwakensSharknado
22.1%
Shark ___ 3DNight
15%
_____ WaterRed
11.2%
Shark in _____Venice
4.7%
Attack of the ____ SharkJurassic
2.9%

Today's Daily Dose

Missing Word
Sherlocks

Word Ladder
King of the Hill

Quick Pick
Songs in Pink

Get the Picture
NBA Teammates

You're not logged in!

Compare scores with friends on all Sporcle quizzes.
OR
Log In

Sporcle TV

Today on Sporcle TV


Watch our educational content, quiz creation guides, and fun videos on Sporcle TV.

Show Comments

Extras

Top Quizzes Today


Score Distribution

Your Account Isn't Verified!

In order to create a playlist on Sporcle, you need to verify the email address you used during registration. Go to your Sporcle Settings to finish the process.

Report this User

Report this user for behavior that violates our Community Guidelines.

Details: